[Event "Liga Madrileña - DH 2017-2018"]
[Site "Madrid ESP"]
[Date "2018.01.13"]
[Round "5.34"]
[White "Plazuelo Pascual, Juan"]
[Black "Longa Yauca, Javier"]
[Result "1-0"]
[WhiteElo "2322"]
[BlackElo "2198"]
[PlyCount "75"]
[EventDate "2017.11.19"]
[EventType "team-tourn"]
[EventRounds "14"]
[EventCountry "ESP"]
[SourceTitle "Ajedrez en Madrid"]
[Source "lmi"]
[SourceDate "2017.11.19"]
[WhiteTeam "Virgen de Atocha"]
[BlackTeam "64 Villalba"]
[WhiteTeamCountry "ESP"]
[BlackTeamCountry "ESP"]

1. d4 Nf6 2. c4 e6 3. Nc3 d5 4. Bg5 Be7 5. e3 c6 6. Nf3 Nbd7 7. Bd3 dxc4 8.
Bxc4 b5 9. Bd3 a6 10. e4 h6 11. Bh4 g5 12. Bg3 Nh5 13. Be5 Rg8 14. h3 Nf4 15.
Bxf4 gxf4 16. O-O c5 17. d5 e5 18. d6 Bxd6 19. Bxb5 axb5 20. Qxd6 Ra6 21. Qd1
Rag6 22. Nxb5 Qb6 23. Nh4 Qxb5 24. Nxg6 Rxg6 25. Qc2 f3 26. g3 Nf6 27. Rfd1 Bd7
28. Qc3 c4 29. Qxf3 Bc6 30. Qf5 Kf8 31. a4 Qc5 32. b4 Qxb4 33. Qxe5 Bxa4 34.
Rd8+ Kg7 35. Qd4 Bc6 36. e5 Nh7 37. e6+ Rf6 38. exf7 1-0

[Event "Liga Madrileña - DH 2017-2018"]
[Site "Madrid ESP"]
[Date "2018.01.13"]
[Round "5.35"]
[White "Gimenez Menchon, Cesar"]
[Black "Vazquez Torres, Adrian"]
[Result "0-1"]
[WhiteElo "2159"]
[BlackElo "2174"]
[PlyCount "100"]
[EventDate "2017.11.19"]
[EventType "team-tourn"]
[EventRounds "14"]
[EventCountry "ESP"]
[SourceTitle "Ajedrez en Madrid"]
[Source "lmi"]
[SourceDate "2017.11.19"]
[WhiteTeam "64 Villalba"]
[BlackTeam "Virgen de Atocha"]
[WhiteTeamCountry "ESP"]
[BlackTeamCountry "ESP"]

1. e4 c5 2. c3 g6 3. d4 cxd4 4. cxd4 d5 5. exd5 Nf6 6. Bb5+ Bd7 7. Bc4 Bg7 8.
d6 O-O 9. dxe7 Qxe7+ 10. Ne2 Qb4+ 11. Nd2 Nc6 12. O-O Rac8 13. a3 Qb6 14. Nb3
Nxd4 15. Qxd4 Qxd4 16. Bxf7+ Rxf7 17. Nbxd4 Nd5 18. Bg5 h6 19. Bd2 Rc4 20. Bc3
Nxc3 21. bxc3 Bf8 22. Rfb1 b6 23. f3 Bc5 24. Kf1 Ra4 25. Rb3 Re7 26. Ng3 Re3
27. Nc2 Be6 28. Nxe3 Bxb3 29. Ke2 Rxa3 30. Rxa3 Bxa3 31. Kd3 a5 32. Ne4 Bc1 33.
Nc4 a4 34. Nf6+ Kg7 35. Nd7 b5 36. Nd2 Be6 37. Nc5 Bf5+ 38. Nde4 Ba3 39. g4
Bxc5 40. gxf5 Be7 41. fxg6 Kxg6 42. Nd2 Kf5 43. c4 b4 44. Ne4 Ke5 45. Ke3 a3
46. f4+ Kf5 47. Nd2 Bd6 48. Nb3 Bxf4+ 49. Kd4 a2 50. Kc5 Bxh2 0-1

[Event "Liga Madrileña - DH 2017-2018"]
[Site "Madrid ESP"]
[Date "2018.01.13"]
[Round "5.36"]
[White "Rodrigo Yanguas, Maria"]
[Black "Veganzonez Rojo, David"]
[Result "0-1"]
[WhiteElo "2071"]
[BlackElo "2109"]
[PlyCount "64"]
[EventDate "2017.11.19"]
[EventType "team-tourn"]
[EventRounds "14"]
[EventCountry "ESP"]
[SourceTitle "Ajedrez en Madrid"]
[Source "lmi"]
[SourceDate "2017.11.19"]
[WhiteTeam "Virgen de Atocha"]
[BlackTeam "64 Villalba"]
[WhiteTeamCountry "ESP"]
[BlackTeamCountry "ESP"]

1. e4 e5 2. Nf3 Nc6 3. Bc4 Nf6 4. O-O Nxe4 5. Re1 d5 6. Bb5 Bc5 7. d4 exd4 8.
Nbd2 O-O 9. Nxe4 dxe4 10. Rxe4 Bd7 11. c3 Re8 12. Bd3 dxc3 13. Rxe8+ Qxe8 14.
Ng5 h6 15. Ne4 cxb2 16. Bxb2 Bd4 17. Rb1 Rd8 18. Qh5 Bxb2 19. Rxb2 Qe5 20. Qe2
Bf5 21. Rb5 Qa1+ 22. Rb1 Qd4 23. Bc2 Bxe4 24. Bxe4 Qd2 25. Qh5 Nd4 26. g3 Ne2+
27. Kg2 Nc3 28. Rb4 Nd1 29. Rxb7 Nxf2 30. Bb1 Ng4+ 31. Kf3 Qd1+ 32. Kf4 Rd4+
0-1

[Event "Liga Madrileña - DH 2017-2018"]
[Site "Madrid ESP"]
[Date "2018.01.14"]
[Round "5.41"]
[White "Suarez Uriel, Adrian"]
[Black "Valles Moreno, Ivan"]
[Result "1-0"]
[WhiteElo "2396"]
[BlackElo "2432"]
[PlyCount "71"]
[EventDate "2017.11.19"]
[EventType "team-tourn"]
[EventRounds "14"]
[EventCountry "ESP"]
[SourceTitle "Ajedrez en Madrid"]
[Source "lmi"]
[SourceDate "2017.11.19"]
[WhiteTeam "La Casa del Ajedrez"]
[BlackTeam "Liberty Chess"]
[WhiteTeamCountry "ESP"]
[BlackTeamCountry "ESP"]

1. e4 e5 2. Nf3 Nc6 3. Bc4 Nf6 4. d3 Bc5 5. O-O O-O 6. h3 d6 7. c3 a6 8. Bb3 h6
9. Re1 Re8 10. Nbd2 Be6 11. Bc2 d5 12. exd5 Bxd5 13. Nh4 Qd7 14. Nf1 Rad8 15.
Ng3 Bf8 16. Nhf5 Kh8 17. Ne3 Be6 18. Qf3 Nh7 19. h4 g6 20. h5 Ng5 21. Qe2 Bg7
22. hxg6 f5 23. Nexf5 Bxf5 24. Bxg5 hxg5 25. Qh5+ Kg8 26. Nxf5 Qxf5 27. Re3 e4
28. dxe4 Qf4 29. Qh7+ Kf8 30. Rf3 Rd6 31. Rxf4+ gxf4 32. Bb3 Ne7 33. Bf7 Red8
34. Qh4 Rf6 35. Qg4 Ng8 36. e5 1-0

[Event "Liga Madrileña - DH 2017-2018"]
[Site "Madrid ESP"]
[Date "2018.01.14"]
[Round "5.42"]
[White "Garcia Cuenca, Victor Manuel"]
[Black "Candela Perez, Jose"]
[Result "1-0"]
[WhiteElo "2328"]
[BlackElo "2364"]
[PlyCount "61"]
[EventDate "2017.11.19"]
[EventType "team-tourn"]
[EventRounds "14"]
[EventCountry "ESP"]
[SourceTitle "Ajedrez en Madrid"]
[Source "lmi"]
[SourceDate "2017.11.19"]
[WhiteTeam "Liberty Chess"]
[BlackTeam "La Casa del Ajedrez"]
[WhiteTeamCountry "ESP"]
[BlackTeamCountry "ESP"]

1. d4 d5 2. c4 e6 3. Nc3 c6 4. Nf3 dxc4 5. a4 Bb4 6. e3 b5 7. Bd2 a5 8. axb5
Bxc3 9. Bxc3 cxb5 10. b3 Bb7 11. bxc4 b4 12. Bb2 Nf6 13. Bd3 O-O 14. O-O Nbd7
15. Qc2 Qc7 16. e4 e5 17. c5 Rfe8 18. Rfc1 Rac8 19. dxe5 Ng4 20. Bb5 Bc6 21.
Bxc6 Qxc6 22. Rxa5 Ndxe5 23. Nxe5 Nxe5 24. Bxe5 Rxe5 25. f3 Re7 26. Qc4 Rb7 27.
Ra6 Qb5 28. c6 Qxc4 29. Rxc4 Rb5 30. Ra7 b3 31. Rb7 1-0

[Event "Liga Madrileña - DH 2017-2018"]
[Site "Madrid ESP"]
[Date "2018.01.14"]
[Round "5.43"]
[White "Fernandez de Bobadilla, Gabriel"]
[Black "Fernandez Garcia, Miguel Angel"]
[Result "0-1"]
[WhiteElo "2201"]
[BlackElo "2313"]
[PlyCount "60"]
[EventDate "2017.11.19"]
[EventType "team-tourn"]
[EventRounds "14"]
[EventCountry "ESP"]
[SourceTitle "Ajedrez en Madrid"]
[Source "lmi"]
[SourceDate "2017.11.19"]
[WhiteTeam "La Casa del Ajedrez"]
[BlackTeam "Liberty Chess"]
[WhiteTeamCountry "ESP"]
[BlackTeamCountry "ESP"]

1. d4 d5 2. c4 c6 3. Nc3 e6 4. e3 Bd6 5. Bd3 f5 6. g4 Nf6 7. gxf5 exf5 8. cxd5
cxd5 9. Qf3 O-O 10. Nge2 Nc6 11. Nxd5 Nxd5 12. Qxd5+ Kh8 13. Bd2 Nb4 14. Qb3
Be6 15. Qxe6 Nxd3+ 16. Kf1 Qh4 17. Be1 Bb4 18. Nc3 Qh3+ 19. Ke2 Nf4+ 20. exf4
Rfe8 21. Qe5 Bd6 22. Rd1 Bxe5 23. fxe5 f4 24. f3 Qe6 25. Kf2 Rad8 26. Ne2 Qb6
27. Bc3 Rxe5 28. Rd2 Re3 29. Nxf4 Rxc3 30. bxc3 Qh6 0-1

[Event "Liga Madrileña - DH 2017-2018"]
[Site "Madrid ESP"]
[Date "2018.01.14"]
[Round "5.44"]
[White "Moreno Ibañez, Miguel"]
[Black "Collado Barbas, Laura"]
[Result "1-0"]
[WhiteElo "2270"]
[BlackElo "2104"]
[PlyCount "83"]
[EventDate "2017.11.19"]
[EventType "team-tourn"]
[EventRounds "14"]
[EventCountry "ESP"]
[SourceTitle "Ajedrez en Madrid"]
[Source "lmi"]
[SourceDate "2017.11.19"]
[WhiteTeam "Liberty Chess"]
[BlackTeam "La Casa del Ajedrez"]
[WhiteTeamCountry "ESP"]
[BlackTeamCountry "ESP"]

1. e4 e6 2. d4 d5 3. e5 c5 4. c3 Qb6 5. Nf3 Nc6 6. a3 Nh6 7. b4 cxd4 8. cxd4
Nf5 9. Be3 Bd7 10. Bd3 Nxe3 11. fxe3 Be7 12. O-O O-O 13. Nc3 f6 14. exf6 Bxf6
15. Qc2 h6 16. Na4 Qd8 17. Nc5 Bc8 18. Rad1 Re8 19. Bb5 e5 20. dxe5 Rxe5 21.
Nxe5 Nxe5 22. Qb3 Kh8 23. Qxd5 Qb6 24. Be2 Bg4 25. Bxg4 Nxg4 26. Qe4 Ne5 27.
Rf5 Qc7 28. Ne6 Qc3 29. Rdf1 Nc4 30. Qxb7 Qxe3+ 31. Kh1 Rg8 32. Qc6 Nd2 33. Rd1
Ne4 34. Rdf1 Nd2 35. Rg1 Ne4 36. Qc2 Nd6 37. Nf4 Rc8 38. Ng6+ Kg8 39. Rc5 Re8
40. Rf1 Ne4 41. Rc8 Nf2+ 42. Qxf2 1-0

[Event "Liga Madrileña - DH 2017-2018"]
[Site "Madrid ESP"]
[Date "2018.01.14"]
[Round "5.45"]
[White "Yingrui, Lin"]
[Black "Martin Rueda, Daniel"]
[Result "1-0"]
[WhiteElo "2122"]
[BlackElo "2290"]
[PlyCount "83"]
[EventDate "2017.11.19"]
[EventType "team-tourn"]
[EventRounds "14"]
[EventCountry "ESP"]
[SourceTitle "Ajedrez en Madrid"]
[Source "lmi"]
[SourceDate "2017.11.19"]
[WhiteTeam "La Casa del Ajedrez"]
[BlackTeam "Liberty Chess"]
[WhiteTeamCountry "ESP"]
[BlackTeamCountry "ESP"]

1. d4 d5 2. Nf3 Nf6 3. c4 c6 4. Nc3 dxc4 5. a4 Bf5 6. e3 e6 7. Bxc4 Bb4 8. O-O
O-O 9. Qb3 Qe7 10. Ne5 Nbd7 11. Nxd7 Nxd7 12. e4 Bg6 13. Bg5 Qxg5 14. Qxb4 c5
15. dxc5 Qxc5 16. Qxc5 Nxc5 17. f3 Rac8 18. Rac1 a5 19. b3 Rfd8 20. Rfd1 Kf8
21. Nb5 Ke7 22. Kf2 f6 23. Ke3 Be8 24. Nd4 g6 25. f4 e5 26. fxe5 fxe5 27. Nf3
Rxd1 28. Rxd1 Nxa4 29. Rd5 Nc5 30. Rxe5+ Kf6 31. g4 h6 32. h4 b5 33. Bd5 g5 34.
hxg5+ hxg5 35. Rf5+ Ke7 36. Nd4 Bd7 37. Rxg5 Kf6 38. Nf3 Be6 39. Bxe6 Nxe6 40.
Rf5+ Kg7 41. Nd4 Nc5 42. Rxc5 1-0

[Event "Liga Madrileña - DH 2017-2018"]
[Site "Madrid ESP"]
[Date "2018.01.14"]
[Round "5.46"]
[White "Perez Gonzalez, Jose Manuel"]
[Black "Unciti Juan, Javier"]
[Result "1-0"]
[WhiteElo "2244"]
[BlackElo "2018"]
[PlyCount "79"]
[EventDate "2017.11.19"]
[EventType "team-tourn"]
[EventRounds "14"]
[EventCountry "ESP"]
[SourceTitle "Ajedrez en Madrid"]
[Source "lmi"]
[SourceDate "2017.11.19"]
[WhiteTeam "Liberty Chess"]
[BlackTeam "La Casa del Ajedrez"]
[WhiteTeamCountry "ESP"]
[BlackTeamCountry "ESP"]

1. e4 e6 2. d4 d5 3. e5 c5 4. c3 Nc6 5. Be3 Qb6 6. Qd2 Nh6 7. Nf3 Nf5 8. Bd3
Bd7 9. dxc5 Bxc5 10. Bxc5 Qxc5 11. Bxf5 exf5 12. O-O O-O-O 13. b4 Qe7 14. Re1
Rhg8 15. Nd4 g5 16. Nxc6 Bxc6 17. Qd4 b6 18. a4 Rge8 19. Nd2 Qc7 20. b5 Bb7 21.
Nf3 h6 22. Qd3 f4 23. h4 Kb8 24. hxg5 hxg5 25. Qd4 g4 26. Nd2 g3 27. fxg3 fxg3
28. Re3 Rg8 29. Rf1 Rg6 30. Qf4 Rdg8 31. Nb3 Rg4 32. Qxf7 Qd8 33. Qf6 Qe8 34.
e6 Re4 35. Rxe4 dxe4 36. e7 Qh5 37. Qd6+ Ka8 38. Rf8+ Bc8 39. Qc6+ Kb8 40.
Qxc8# 1-0

[Event "Liga Madrileña - DH 2017-2018"]
[Site "Madrid ESP"]
[Date "2018.01.21"]
[Round "6.11"]
[White "Pulvett Marin, Daniel"]
[Black "Valles Moreno, Ivan"]
[Result "1/2-1/2"]
[WhiteElo "2438"]
[BlackElo "2432"]
[PlyCount "57"]
[EventDate "2017.11.19"]
[EventType "team-tourn"]
[EventRounds "14"]
[EventCountry "ESP"]
[SourceTitle "Ajedrez en Madrid"]
[Source "lmi"]
[SourceDate "2017.11.19"]
[WhiteTeam "Alcorcon"]
[BlackTeam "Liberty Chess"]
[WhiteTeamCountry "ESP"]
[BlackTeamCountry "ESP"]

1. c4 e6 2. Nc3 d5 3. d4 Nf6 4. cxd5 exd5 5. Bg5 Nbd7 6. e3 c6 7. Bd3 Be7 8.
Nge2 h6 9. Bh4 Nh5 10. Bxe7 Qxe7 11. g4 Nhf6 12. Ng3 Nb6 13. h3 g6 14. Qf3 Be6
15. Qf4 O-O-O 16. O-O-O Ne8 17. Kb1 Qd6 18. Qf3 Kb8 19. Rc1 Ka8 20. Qd1 Ng7 21.
Na4 Nxa4 22. Qxa4 h5 23. g5 h4 24. Ne2 Bf5 25. Bxf5 Nxf5 26. Rc5 Qe7 27. Rhc1
Nd6 28. Ra5 Nc8 29. Nf4 1/2-1/2

[Event "Liga Madrileña - DH 2017-2018"]
[Site "Madrid ESP"]
[Date "2018.01.21"]
[Round "6.12"]
[White "Garcia Cuenca, Victor Manuel"]
[Black "Vallejo Diaz, Jesus"]
[Result "1-0"]
[WhiteElo "2328"]
[BlackElo "2247"]
[PlyCount "75"]
[EventDate "2017.11.19"]
[EventType "team-tourn"]
[EventRounds "14"]
[EventCountry "ESP"]
[SourceTitle "Ajedrez en Madrid"]
[Source "lmi"]
[SourceDate "2017.11.19"]
[WhiteTeam "Liberty Chess"]
[BlackTeam "Alcorcon"]
[WhiteTeamCountry "ESP"]
[BlackTeamCountry "ESP"]

1. d4 Nf6 2. Nf3 e6 3. c4 Bb4+ 4. Nc3 O-O 5. e3 d6 6. Qc2 Qe7 7. a3 Bxc3+ 8.
Qxc3 b6 9. b4 Bb7 10. Bb2 Nbd7 11. Bd3 Ne4 12. Qc2 f5 13. d5 exd5 14. O-O Kh8
15. Rad1 c5 16. cxd5 Bxd5 17. Bc4 Bxc4 18. Qxc4 Ndf6 19. h3 d5 20. Qd3 Rfd8 21.
Ne5 Rac8 22. b5 Qe6 23. f3 c4 24. Qd4 Nc5 25. g4 Ncd7 26. Nc6 Re8 27. Rfe1 Rxc6
28. bxc6 Ne5 29. Qxe5 Qxe5 30. Bxe5 Rxe5 31. g5 Ne8 32. e4 fxe4 33. fxe4 d4 34.
Rxd4 Kg8 35. Rxc4 Nc7 36. Rd1 Kf7 37. Rd7+ Re7 38. Rcd4 1-0

[Event "Liga Madrileña - DH 2017-2018"]
[Site "Madrid ESP"]
[Date "2018.01.21"]
[Round "6.13"]
[White "Aguilera Lopez, Alejandro"]
[Black "Fernandez Garcia, Miguel Angel"]
[Result "1-0"]
[WhiteElo "2231"]
[BlackElo "2313"]
[PlyCount "117"]
[EventDate "2017.11.19"]
[EventType "team-tourn"]
[EventRounds "14"]
[EventCountry "ESP"]
[SourceTitle "Ajedrez en Madrid"]
[Source "lmi"]
[SourceDate "2017.11.19"]
[WhiteTeam "Alcorcon"]
[BlackTeam "Liberty Chess"]
[WhiteTeamCountry "ESP"]
[BlackTeamCountry "ESP"]

1. d4 c5 2. e3 e6 3. Bd3 Nf6 4. Nf3 b6 5. c4 Bb7 6. Nc3 Be7 7. O-O O-O 8. b3
cxd4 9. exd4 d5 10. Bb2 Nc6 11. cxd5 Nxd5 12. Nxd5 Qxd5 13. Re1 Qh5 14. Be4
Rac8 15. Qe2 Rc7 16. a3 Na5 17. Bxb7 Nxb7 18. Qd3 Bf6 19. Ne5 Rd8 20. f4 Bxe5
21. Rxe5 Qg6 22. f5 exf5 23. Rae1 h6 24. Qxf5 Qxf5 25. Rxf5 Rc2 26. Rf2 Rxf2
27. Kxf2 Na5 28. Re3 Nc6 29. Rd3 Ne7 30. Ke2 Nd5 31. Rf3 g6 32. Kd3 f5 33. g3
Kg7 34. Rf1 Kf6 35. Rc1 g5 36. Rc6+ Kg7 37. Bc1 Rd7 38. h4 Ne7 39. Re6 gxh4 40.
gxh4 h5 41. Re1 Nd5 42. Rg1+ Kf6 43. Bg5+ Kf7 44. Rf1 Kg6 45. Kc4 Nc7 46. Re1
a6 47. Re5 Rd6 48. d5 Nb5 49. a4 Nc7 50. Be7 Rd7 51. d6 Ne8 52. Kd5 f4 53. Rg5+
Kf7 54. Rf5+ Kg6 55. Rxf4 Ra7 56. Kc6 b5 57. Rd4 Kf7 58. d7 Rc7+ 59. Kb6 1-0

[Event "Liga Madrileña - DH 2017-2018"]
[Site "Madrid ESP"]
[Date "2018.01.21"]
[Round "6.14"]
[White "Moreno Ibañez, Miguel"]
[Black "Prieto Martin, Alfonso"]
[Result "1/2-1/2"]
[WhiteElo "2270"]
[BlackElo "2187"]
[PlyCount "95"]
[EventDate "2017.11.19"]
[EventType "team-tourn"]
[EventRounds "14"]
[EventCountry "ESP"]
[SourceTitle "Ajedrez en Madrid"]
[Source "lmi"]
[SourceDate "2017.11.19"]
[WhiteTeam "Liberty Chess"]
[BlackTeam "Alcorcon"]
[WhiteTeamCountry "ESP"]
[BlackTeamCountry "ESP"]

1. e4 c5 2. Nf3 Nf6 3. e5 Nd5 4. Nc3 e6 5. Bc4 Nb6 6. d3 d5 7. exd6 Bxd6 8. Bb3
Nc6 9. O-O O-O 10. Re1 Na5 11. Ne4 Nxb3 12. axb3 Nd5 13. d4 cxd4 14. Nxd6 Qxd6
15. Qxd4 Rd8 16. Rd1 e5 17. Nxe5 Be6 18. c4 Qc7 19. cxd5 Rxd5 20. Qxd5 Bxd5 21.
Rxd5 Rd8 22. Rxd8+ Qxd8 23. Be3 a6 24. Rc1 h6 25. h4 Qd5 26. Nc4 b5 27. Nd2 Qe5
28. Rc2 Kh7 29. Nf3 Qe4 30. Rc7 Qb1+ 31. Bc1 Qd3 32. Rc3 Qd1+ 33. Kh2 b4 34.
Rc6 a5 35. Be3 Qxb3 36. Bd4 a4 37. Rb6 Qc4 38. Rb7 a3 39. bxa3 bxa3 40. Ra7 Qd5
41. Be5 a2 42. Bd4 Qc4 43. Ra3 Qd5 44. Ra7 Qc4 45. Be5 Qd5 46. Bd4 Qc4 47. Be5
Qd5 48. Bd4 1/2-1/2

[Event "Liga Madrileña - DH 2017-2018"]
[Site "Madrid ESP"]
[Date "2018.01.21"]
[Round "6.15"]
[White "Ramos del Campo, Alexander"]
[Black "Sanchez Gonzalez, Sergio"]
[Result "1/2-1/2"]
[WhiteElo "2200"]
[BlackElo "2283"]
[PlyCount "116"]
[EventDate "2017.11.19"]
[EventType "team-tourn"]
[EventRounds "14"]
[EventCountry "ESP"]
[SourceTitle "Ajedrez en Madrid"]
[Source "lmi"]
[SourceDate "2017.11.19"]
[WhiteTeam "Alcorcon"]
[BlackTeam "Liberty Chess"]
[WhiteTeamCountry "ESP"]
[BlackTeamCountry "ESP"]

1. e4 c5 2. Nf3 e6 3. b3 d6 4. Bb2 Nf6 5. e5 dxe5 6. Nxe5 a6 7. a4 Be7 8. Na3
O-O 9. Be2 Nd5 10. O-O f6 11. Nd3 Nc6 12. f4 Rb8 13. Bg4 Nc7 14. Bf3 Nd4 15. a5
Bd7 16. Bxd4 cxd4 17. Nc4 Bb5 18. Re1 Qe8 19. Qe2 Qg6 20. g3 Qh6 21. Qg2 Rfd8
22. Bxb7 Nd5 23. Bxd5 exd5 24. Nb6 Bf8 25. Re6 Qg6 26. Qf3 Qf7 27. Rae1 Qc7 28.
Qd1 Be8 29. Nxd5 Qxa5 30. Ne7+ Bxe7 31. Rxe7 Bh5 32. g4 Bf7 33. Qe2 Qd5 34. Qe4
Qxe4 35. R1xe4 Rbc8 36. Ne1 d3 37. cxd3 Bxb3 38. Ra7 Ra8 39. Rc7 a5 40. Ree7 a4
41. Rxg7+ Kf8 42. Nc2 a3 43. Nxa3 Rxa3 44. Rxh7 Bg8 45. Rh6 Rd6 46. g5 Raxd3
47. Rc8+ Kg7 48. Rxf6 Rxf6 49. gxf6+ Kf7 50. Kf2 Rxd2+ 51. Kg3 Rd1 52. Rc6 Rg1+
53. Kf2 Rg6 54. Kf3 Rh6 55. Kg3 Bh7 56. Rc7+ Ke8 57. Rc8+ Kf7 58. Rc7+ Kf8
1/2-1/2

[Event "Liga Madrileña - DH 2017-2018"]
[Site "Madrid ESP"]
[Date "2018.01.21"]
[Round "6.16"]
[White "Perez Gonzalez, Jose Manuel"]
[Black "Prada Lopez, Miguel Angel"]
[Result "1-0"]
[WhiteElo "2244"]
[BlackElo "2073"]
[PlyCount "53"]
[EventDate "2017.11.19"]
[EventType "team-tourn"]
[EventRounds "14"]
[EventCountry "ESP"]
[SourceTitle "Ajedrez en Madrid"]
[Source "lmi"]
[SourceDate "2017.11.19"]
[WhiteTeam "Liberty Chess"]
[BlackTeam "Alcorcon"]
[WhiteTeamCountry "ESP"]
[BlackTeamCountry "ESP"]

1. e4 d6 2. d4 Nf6 3. Nc3 g6 4. Bg5 Bg7 5. f4 h6 6. Bh4 O-O 7. Nf3 c6 8. Qd2 d5
9. e5 Ne4 10. Qe3 Nxc3 11. Qxc3 Bf5 12. Bd3 Bxd3 13. Qxd3 Qa5+ 14. c3 e6 15. g4
Qb5 16. Qc2 Re8 17. Bf2 Nd7 18. O-O-O c5 19. h4 cxd4 20. Bxd4 Qa6 21. Kb1 b5
22. h5 Nf8 23. g5 hxg5 24. h6 Bh8 25. h7+ Kg7 26. Qh2 f5 27. exf6+ 1-0

[Event "Liga Madrileña - DH 2017-2018"]
[Site "Madrid ESP"]
[Date "2018.01.21"]
[Round "6.21"]
[White "Almagro Llamas, Pablo"]
[Black "Suarez Uriel, Adrian"]
[Result "1-0"]
[WhiteElo "2479"]
[BlackElo "2396"]
[PlyCount "47"]
[EventDate "2017.11.19"]
[EventType "team-tourn"]
[EventRounds "14"]
[EventCountry "ESP"]
[SourceTitle "Ajedrez en Madrid"]
[Source "lmi"]
[SourceDate "2017.11.19"]
[WhiteTeam "Virgen de Atocha"]
[BlackTeam "La Casa del Ajedrez"]
[WhiteTeamCountry "ESP"]
[BlackTeamCountry "ESP"]

1. d4 Nf6 2. c4 g6 3. Nf3 Bg7 4. Nc3 d5 5. cxd5 Nxd5 6. e4 Nxc3 7. bxc3 c5 8.
Bb5+ Nc6 9. d5 Qa5 10. Rb1 a6 11. Bxc6+ bxc6 12. O-O O-O 13. dxc6 Be6 14. Bf4
Bc4 15. Re1 Rac8 16. c7 f6 17. e5 Qxc7 18. exf6 Qxf4 19. fxg7 Rf7 20. Rb2 Rxg7
21. Ne5 Bb5 22. Qd5+ Kh8 23. c4 e6 24. Qd6 1-0

[Event "Liga Madrileña - DH 2017-2018"]
[Site "Madrid ESP"]
[Date "2018.01.21"]
[Round "6.22"]
[White "Candela Perez, Jose"]
[Black "Espinosa Aranda, Angel"]
[Result "0-1"]
[WhiteElo "2364"]
[BlackElo "2453"]
[PlyCount "88"]
[EventDate "2017.11.19"]
[EventType "team-tourn"]
[EventRounds "14"]
[EventCountry "ESP"]
[SourceTitle "Ajedrez en Madrid"]
[Source "lmi"]
[SourceDate "2017.11.19"]
[WhiteTeam "La Casa del Ajedrez"]
[BlackTeam "Virgen de Atocha"]
[WhiteTeamCountry "ESP"]
[BlackTeamCountry "ESP"]

1. e4 c5 2. Nf3 d6 3. Bb5+ Nd7 4. d4 cxd4 5. Qxd4 a6 6. Bxd7+ Bxd7 7. O-O e5 8.
Qd3 Rc8 9. c4 Qc7 10. b3 b5 11. Nfd2 Nf6 12. Nc3 Be7 13. Bb2 O-O 14. Rfc1 Qb6
15. cxb5 axb5 16. Nd5 Nxd5 17. Qxd5 Bh4 18. g3 Bg5 19. Rxc8 Rxc8 20. Rc1 Rxc1+
21. Bxc1 Qc6 22. Qxc6 Bxc6 23. f3 g6 24. Kf2 f5 25. Ke2 fxe4 26. fxe4 Kf7 27.
Kd3 Ke6 28. b4 d5 29. exd5+ Bxd5 30. a3 e4+ 31. Ke2 Kf5 32. Bb2 Kg4 33. h4 Bh6
34. Be5 e3 35. Nb1 Bc4+ 36. Ke1 g5 37. Nc3 gxh4 38. gxh4 Bf8 39. Nd1 Kf3 40.
Bd4 Bh6 41. Nc3 Bf4 42. Kd1 e2+ 43. Nxe2 Bxe2+ 44. Kc2 h5 0-1

[Event "Liga Madrileña - DH 2017-2018"]
[Site "Madrid ESP"]
[Date "2018.01.21"]
[Round "6.23"]
[White "Plazuelo Pascual, Juan"]
[Black "Gil Quilez, David"]
[Result "1-0"]
[WhiteElo "2322"]
[BlackElo "2198"]
[PlyCount "89"]
[EventDate "2017.11.19"]
[EventType "team-tourn"]
[EventRounds "14"]
[EventCountry "ESP"]
[SourceTitle "Ajedrez en Madrid"]
[Source "lmi"]
[SourceDate "2017.11.19"]
[WhiteTeam "Virgen de Atocha"]
[BlackTeam "La Casa del Ajedrez"]
[WhiteTeamCountry "ESP"]
[BlackTeamCountry "ESP"]

1. d4 f5 2. Nc3 Nf6 3. Bg5 d5 4. e3 e6 5. g4 Be7 6. gxf5 exf5 7. Nge2 Be6 8.
Nf4 Bf7 9. h4 c6 10. Bd3 Ne4 11. Bxe4 dxe4 12. Rg1 Nd7 13. Nh5 Bxh5 14. Qxh5+
g6 15. Bxe7 Kxe7 16. Qh6 Kf7 17. h5 Qf6 18. O-O-O Rag8 19. Qf4 Rc8 20. f3 exf3
21. Rdf1 Rhe8 22. Rxf3 Kg7 23. Qg3 Qe6 24. hxg6 hxg6 25. Ne2 Nf8 26. Nf4 Qf7
27. Qh4 Qe7 28. Qg3 Qf7 29. Qg5 Re4 30. Nh5+ Kh8 31. Nf6 Re6 32. Rh1+ Kg7 33.
Rxf5 Qxf6 34. Rxf6 Rxf6 35. e4 Re8 36. e5 Rf5 37. Qh6+ Kf7 38. c3 c5 39. Qe3
cxd4 40. cxd4 Rc8+ 41. Kb1 Re8 42. Qb3+ Ne6 43. Qxb7+ Re7 44. Rh7+ Ng7 45.
Rxg7+ 1-0

[Event "Liga Madrileña - DH 2017-2018"]
[Site "Madrid ESP"]
[Date "2018.01.21"]
[Round "6.24"]
[White "Collado Barbas, Laura"]
[Black "Rabadan Velasco, Raul"]
[Result "1-0"]
[WhiteElo "2104"]
[BlackElo "2207"]
[PlyCount "45"]
[EventDate "2017.11.19"]
[EventType "team-tourn"]
[EventRounds "14"]
[EventCountry "ESP"]
[SourceTitle "Ajedrez en Madrid"]
[Source "lmi"]
[SourceDate "2017.11.19"]
[WhiteTeam "La Casa del Ajedrez"]
[BlackTeam "Virgen de Atocha"]
[WhiteTeamCountry "ESP"]
[BlackTeamCountry "ESP"]

1. d4 e6 2. c4 Bb4+ 3. Nc3 f5 4. g3 Nf6 5. Bg2 O-O 6. Nh3 Ne4 7. Qd3 Nxc3 8.
bxc3 Be7 9. e4 Nc6 10. O-O d6 11. exf5 exf5 12. Re1 g5 13. Qe3 f4 14. gxf4 g4
15. Ng5 Bxg5 16. fxg5 Bf5 17. Bd2 Qd7 18. Bd5+ Kh8 19. Qg3 Na5 20. Bf4 c6 21.
Bxd6 cxd5 22. Re7 Qxe7 23. Bxe7 1-0

[Event "Liga Madrileña - DH 2017-2018"]
[Site "Madrid ESP"]
[Date "2018.01.21"]
[Round "6.25"]
[White "Vazquez Torres, Adrian"]
[Black "Yingrui, Lin"]
[Result "1/2-1/2"]
[WhiteElo "2174"]
[BlackElo "2122"]
[PlyCount "72"]
[EventDate "2017.11.19"]
[EventType "team-tourn"]
[EventRounds "14"]
[EventCountry "ESP"]
[SourceTitle "Ajedrez en Madrid"]
[Source "lmi"]
[SourceDate "2017.11.19"]
[WhiteTeam "Virgen de Atocha"]
[BlackTeam "La Casa del Ajedrez"]
[WhiteTeamCountry "ESP"]
[BlackTeamCountry "ESP"]

1. e4 e5 2. Nf3 Nc6 3. d4 exd4 4. Nxd4 Bc5 5. Be3 Qf6 6. c3 Nge7 7. Nc2 d6 8.
Qf3 Qxf3 9. gxf3 Bxe3 10. Nxe3 g5 11. h4 Ne5 12. Nd2 f6 13. O-O-O Be6 14. Kb1
N7g6 15. hxg5 fxg5 16. Bh3 Bxh3 17. Rxh3 Nf4 18. Rh6 Nf7 19. Rh2 O-O-O 20. Nf5
Kb8 21. Nh6 Ne5 22. Rg1 Ne6 23. Rh5 d5 24. Rgh1 Rhf8 25. Ng4 Nxg4 26. fxg4 Rxf2
27. R5h2 Rf4 28. exd5 Rxd5 29. Re1 Nd8 30. Re8 Rxg4 31. Ne4 Rg1+ 32. Kc2 b6 33.
Rxh7 Rg2+ 34. Kb3 a5 35. a4 Re2 36. Rhh8 Ka7 1/2-1/2